000 00724cab a2200229 4500
001 WB3345-22
008 090401t1997 xxu||||| |||| 00| 0 eng d
035 _a(Sirsi) u82206
041 _aeng
245 _aSwedish first for environment
260 _c1997
350 _a0
490 _aFinancial Times
_v18 November 1997, 3(1)
520 _aThe first environmental science park is planned for construction in Sweden, to stimulate research into environmentally friendly technology.
650 _aENVIRONMENTAL SCIENCE PARK
650 _aENVIRONMENTALLY-FRIENDLY CONSTRUCTION
650 _aSCIENCE PARKS
650 _aSWEDEN
690 _aENVIRONMENTAL AND LAND CONSULTANCY
942 _n0
948 _c19/11/1997
999 _c51858
_d51858